| 000 | 00585cam a22001691 4500 | ||
|---|---|---|---|
| 082 |
_a620.11 _bHAN _cL-21, P-65 |
||
| 100 | 1 |
_aMiner, Douglas F. _947182 |
|
| 245 | 1 | 0 |
_aHandbook of engineering materials, _bprepared by a staff of specialists. _cDouglas F. Miner and John B. Seastone, editors. |
| 250 | _a1st ed. | ||
| 260 |
_aNew York, _bWiley _c[1955] |
||
| 300 |
_a1 v. (various pagings) _billus., diagrs., tables. _c22 cm. |
||
| 526 |
_a0 _b0 _c0 _d620_110000000000000_HAN |
||
| 650 | 0 |
_aMaterials. _91466 |
|
| 650 | 0 |
_aMCE _9379 |
|
| 700 | 1 |
_aSeastone, John B. _947183 |
|
| 942 |
_2ddc _cBK |
||
| 999 |
_c550476 _d550476 |
||